[Event "Challenge"]
[Site "http://www.queenalice.com/game.php?id=604339"]
[Date "2009.6.16"]
[Round "-"]
[White "eduardofelix"]
[Black "Standby"]
[Result "0-1"]
[WhiteElo "1801"]
[BlackElo "1717"]

1. e4 e5 2. Nf3 d6 3. h3 Nf6 4. d3 Nc6 5. c3 Be7 6. d4 Nxe4 7. d5 Nb8 8. Qa4+
Bd7 9. Qxe4 f5 10. Qb4 b6 11. Nfd2 Bc8 12. c4 Bb7 13. a4 Na6 14. Qb5+ Qd7 15.
Qxd7+ Kxd7 16. a5 Nb4 17. Na3 c6 18. Be2 cxd5 19. cxd5 Nxd5 20. O-O Nf4 21. Bf3
Bxf3 22. Nxf3 Ne2+ 23. Kh1 Nxc1 24. Raxc1 bxa5 25. Rcd1 Bf6 26. b3 Rab8 27. Rb1
Rb7 28. Nd2 Rhb8 29. Nac4 Rb5 30. Ra1 Bd8 31. f3 Ke6 32. g3 d5 33. Ne3 Bb6 34.
Rfe1 Bd4 35. Rab1 Bc3 36. Red1 d4 37. Nec4 Rf8 38. Na3 Rb7 39. Ndc4 Rfb8 40. Nd2
Bxd2 41. Rxd2 Rxb3 42. Rxb3 Rxb3 43. Ra2 Rxf3 44. Nc4 Rxg3 45. Kh2 Rc3 46. Nxa5
Rc7 47. Nb3 d3 48. Rd2 e4 49. Nd4+ Ke5 50. Nb5 Rc2 51. Rxc2 dxc2 52. Nxa7 c1=Q
0-1

[Event "Challenge"]
[Site "http://www.queenalice.com/game.php?id=616738"]
[Date "2009.7.10"]
[Round "-"]
[White "Standby"]
[Black "eduardofelix"]
[Result "1-0"]
[WhiteElo "1826"]
[BlackElo "1756"]

1. d4 d5 2. c4 e6 3. Nf3 h6 4. Nc3 c6 5. e3 Nf6 6. Bd2 Qb6 7. Na4 Qc7 8. Ne5 Bd6
9. f4 a6 10. Ng4 Nxg4 11. Qxg4 O-O 12. c5 Be7 13. Nb6 Ra7 14. Bd3 e5 15. Nxc8
Qxc8 16. Qg3 Qd8 17. O-O e4 18. Be2 f5 19. Qe1 b6 20. b4 b5 21. a4 Qc7 22. axb5
axb5 23. Rxa7 Qxa7 24. Qa1 Qa6 25. Qxa6 Nxa6 26. Ra1 Ra8 27. Bh5 Kh7 28. Bf7 Rf8
29. Rxa6 Rxf7 30. Rxc6 Bf8 31. Ra6 Rb7 32. Be1 Be7 33. c6 Rc7 34. Rb6 Bd8 35.
Rxb5 Be7 36. Rxd5 Rxc6 37. b5 Rf6 38. Ba5 Rf8 39. b6 Rb8 40. Rxf5 Bd8 41. Rf8
Rc8 42. Re8 Rc1+ 43. Kf2 Bh4+ 44. g3 Bf6 45. b7 Rb1 46. b8=Q Rxb8 47. Rxb8 Kg6
48. Bd8 Bxd8 49. Rxd8 1-0

[Event "Challenge"]
[Site "http://www.queenalice.com/game.php?id=618411"]
[Date "2009.7.14"]
[Round "-"]
[White "tsabadini"]
[Black "Standby"]
[Result "0-1"]
[WhiteElo "1228"]
[BlackElo "1777"]

1. d4 d5 2. Nf3 c5 3. c3 e6 4. Qd3 Nf6 5. h3 h6 6. Ne5 Nc6 7. e3 Nxe5 8. dxe5 c4
9. Qc2 Nd7 10. Be2 Nxe5 11. Na3 Bxa3 12. bxa3 b6 13. Qa4+ Bd7 14. Qc2 Bb5 15. a4
Ba6 16. f4 Nd3+ 17. Bxd3 cxd3 18. Qb3 Qh4+ 19. Kd2 Qf2+ 20. Kd1 Qe2# 0-1

[Event "Challenge"]
[Site "http://www.queenalice.com/game.php?id=622320"]
[Date "2009.7.21"]
[Round "-"]
[White "Standby"]
[Black "Milton"]
[Result "1-0"]
[WhiteElo "1786"]
[BlackElo "1542"]

1. d4 Nf6 2. e3 d5 3. c4 Bf5 4. Nf3 e6 5. Nc3 Bb4 6. Qb3 Nc6 7. a3 Bxc3+ 8. bxc3
dxc4 9. Qxb7 Na5 10. Qb5+ c6 11. Qa4 Qb6 12. Bxc4 Ne4 13. Bd2 Qb2 14. O-O Nxd2
15. Nxd2 Qxd2 16. Qxa5 O-O 17. Ra2 Bc2 18. Bb3 Qd3 19. Bxc2 Qc4 20. Rb2 Rab8 21.
Rxb8 Rxb8 22. Qxa7 Qb5 23. g3 g6 24. Rb1 Rb7 25. Qxb7 Qxb7 26. Rxb7 f5 27. a4
1-0

[Event "Challenge"]
[Site "http://www.queenalice.com/game.php?id=622757"]
[Date "2009.7.22"]
[Round "-"]
[White "Standby"]
[Black "REUSKING"]
[Result "0-1"]
[WhiteElo "1869"]
[BlackElo "1928"]

1. d4 d5 2. c4 e6 3. Nf3 Nf6 4. Bg5 Be7 5. Bf4 Bd6 6. Bg5 c6 7. Nc3 O-O 8. e3
Nbd7 9. c5 Be7 10. Be2 h6 11. Bh4 Nh7 12. Bg3 Ng5 13. Ne5 Nxe5 14. Bxe5 Ne4 15.
Bf3 f5 16. g3 Bd7 17. O-O Be8 18. Bh5 Bxh5 19. Qxh5 Nf6 20. Qg6 Qe8 21. Qxe8
Raxe8 22. b4 Ng4 23. Bf4 g5 24. Bc7 Rc8 25. Ba5 Bd8 26. Bxd8 Rcxd8 27. b5 Nf6
28. Rab1 Rb8 29. Rb3 Ne4 30. Nxe4 fxe4 31. Rfb1 cxb5 32. Rxb5 Rf7 33. c6 b6 34.
Rc1 Rc7 35. Rb2 Rbc8 36. Rbc2 Kf7 37. Kg2 Ke7 38. Kh3 h5 39. g4 h4 40. Rc3 Kd6
41. Ra3 a5 42. Kg2 Rxc6 43. Rb1 e5 44. dxe5+ Kxe5 45. Rb5 Rd8 46. Rab3 Rdd6 47.
Rb2 Rf6 48. Rd2 Rc5 49. Rdb2 Rxb5 50. Rxb5 Rc6 51. Rb2 d4 52. Rb5+ Kf6 53. exd4
Rd6 54. d5 Ke5 55. h3 Rxd5 56. Rxb6 Kd4 57. Rb3 Kc4 58. Re3 Kd4 59. Ra3 Ke5 60.
Re3 Rd3 61. Re2 Kf4 62. Rb2 Rd5 63. Re2 Re5 64. Re3 Rd5 65. Re2 Rd4 66. Re3 Rd3
67. Re2 e3 68. fxe3+ Rxe3 69. Rf2+ Ke4 70. Kh2 Kd3 71. Kg2 Re2 72. Kf3 Rxf2+ 73.
Kxf2 Kc3 74. Ke3 Kb2 75. Ke4 Kxa2 76. Kf5 Kb2 77. Kxg5 a4 78. Kxh4 a3 79. g5 a2
80. Kh5 a1=Q 81. h4 Qa8 82. g6 Qg8 83. Kg5 Kc3 84. h5 Kd4 85. h6 Ke5 86. g7 Qh7
87. Kh5 Kf6 0-1

[Event "AUTO-ADV-1417"]
[Site "http://www.queenalice.com/game.php?id=626516"]
[Date "2009.7.29"]
[Round "1"]
[White "sergio_damian"]
[Black "Standby"]
[Result "0-1"]
[WhiteElo "1871"]
[BlackElo "1855"]

1. e4 e5 2. Nf3 d6 3. Bc4 h6 4. c3 Nf6 5. d3 Bg4 6. O-O Be7 7. Qb3 Nbd7 8. Bxf7+
Kf8 9. Bg6 d5 10. exd5 Bd6 11. Nbd2 Nb6 12. c4 Nfd7 13. h3 Bxf3 14. Nxf3 Qf6 15.
Be4 Nc5 16. Qc2 Nbd7 17. b4 Nxe4 18. dxe4 Bxb4 19. Qa4 Qe7 20. Rb1 a5 21. a3 Nb6
22. Qb3 Bc5 23. Bb2 a4 24. Qc3 Nd7 25. Bc1 b6 26. Be3 Bd6 27. Bd2 Nf6 28. Qd3
Nh5 29. Nh2 Qf7 30. Qe2 Nf4 31. Bxf4 Qxf4 32. Ng4 Ke7 33. Qd3 Rhf8 34. Rb2 Bc5
35. Rc2 Rf7 36. g3 Qg5 37. Kg2 h5 38. Nh2 h4 39. g4 Raf8 40. Re2 Rf4 41. Qc2 Ra8
42. Nf3 Qf6 43. Qc3 Kd6 44. Qd3 Rf8 45. Nh2 Bxf2 46. Qd2 Bg3 47. Rxf4 Bxf4 48.
Qe1 Bg3 49. Qb4+ Kd7 50. Qxa4+ Ke7 51. Qd1 Bxh2 52. Kxh2 Qf4+ 53. Kg2 Qg3+ 54.
Kh1 Qxh3+ 55. Kg1 Qxg4+ 56. Kh1 Rf2 0-1

[Event "AUTO-ADV-1417"]
[Site "http://www.queenalice.com/game.php?id=626517"]
[Date "2009.7.29"]
[Round "1"]
[White "Standby"]
[Black "sergio_damian"]
[Result "1-0"]
[WhiteElo "1839"]
[BlackElo "1856"]

1. d4 d5 2. c4 c6 3. e3 Nf6 4. Nc3 Bf5 5. Nf3 Na6 6. a3 Nc7 7. Nh4 Bd7 8. Be2 e6
9. Nf3 Be7 10. Ne5 O-O 11. Bh5 Nxh5 12. Qxh5 Bf6 13. Nxd7 Qxd7 14. c5 b6 15. b4
Qe7 16. Ne2 g6 17. Qg4 e5 18. Ng3 Bg7 19. O-O e4 20. Bd2 Ne8 21. Rac1 Nf6 22.
Qe2 Rab8 23. Qa6 Qd7 24. cxb6 Rxb6 25. Qa4 a6 26. Rc2 Rc8 27. Rfc1 Ne8 28. Qb3
Nd6 29. a4 a5 30. b5 cxb5 31. axb5 Rxb5 32. Rxc8+ Nxc8 33. Rxc8+ Bf8 34. Qc2 Qb7
35. Qc6 Rb1+ 36. Nf1 Qxc6 37. Rxc6 a4 38. Ra6 a3 39. g3 Bd6 40. Rxd6 1-0

[Event "AUTO-ADV-1417"]
[Site "http://www.queenalice.com/game.php?id=626532"]
[Date "2009.7.29"]
[Round "1"]
[White "mg23campos"]
[Black "Standby"]
[Result "0-1"]
[WhiteElo "1902"]
[BlackElo "1874"]

1. e4 e5 2. Nf3 d6 3. Bc4 h6 4. d3 Bg4 5. h3 Bh5 6. g4 Bg6 7. Nc3 Nc6 8. a3 Na5
9. Nh4 Qxh4 10. Nb5 Qd8 11. Ba2 a6 12. Nc3 Be7 13. f4 Bh4+ 14. Kf1 c6 15. f5 Qf6
16. b4 Bh7 17. bxa5 g6 18. Kg2 gxf5 19. Rf1 f4 20. Na4 Ne7 21. Nb6 Rb8 22. c4
Rg8 23. Kh1 Bg3 24. Rb1 Qh4 25. Kg2 h5 26. Rh1 Bg6 27. Bb3 Nc8 28. Nxc8 Rxc8 29.
c5 dxc5 30. Bc4 Rc7 31. Rb6 Rh8 32. Bb2 Qe7 33. a4 f6 34. gxh5 Bxh5 35. Qd2 Qg7
36. Qc2 Bf2+ 37. Kxf2 Qg3+ 38. Kf1 Qf3+ 39. Ke1 Qxh1+ 40. Kd2 Qxh3 41. Qb3 Qe3+
42. Kc2 Bd1+ 43. Kxd1 Qg1+ 44. Kc2 Rh2+ 45. Kc3 Qe1# 0-1

[Event "AUTO-ADV-1417"]
[Site "http://www.queenalice.com/game.php?id=626533"]
[Date "2009.7.29"]
[Round "1"]
[White "Standby"]
[Black "mg23campos"]
[Result "1-0"]
[WhiteElo "1872"]
[BlackElo "1876"]

1. e4 e5 2. d3 Bc5 3. Nf3 Nf6 4. Nxe5 d6 5. Nc4 Ng4 6. Ne3 h5 7. Nxg4 hxg4 8. d4
Bb6 9. Nc3 c6 10. Be3 Ba5 11. Bd2 Qb6 12. Bc1 Nd7 13. Be2 g3 14. fxg3 Nf6 15.
O-O g5 16. Rxf6 Be6 17. Na4 Qd8 18. Bxg5 Qd7 19. Nc3 O-O-O 20. d5 Rhg8 21. dxe6
fxe6 22. Bh4 Rde8 23. Bh5 Ref8 24. Qf3 b5 25. Rxf8+ Rxf8 26. Qxf8+ 1-0

[Event "AUTO-ADV-1417"]
[Site "http://www.queenalice.com/game.php?id=626544"]
[Date "2009.7.29"]
[Round "1"]
[White "Standby"]
[Black "SGF"]
[Result "1-0"]
[WhiteElo "1795"]
[BlackElo "1665"]

1. e4 e5 2. Nf3 Qf6 3. Nc3 c6 4. d4 d6 5. Bc4 h6 6. d5 Bg4 7. Be2 Ne7 8. h3 Bxf3
9. Bxf3 g5 10. b3 h5 11. Ba3 a5 12. dxc6 bxc6 13. Qxd6 Qxd6 14. Bxd6 Nd7 15.
O-O-O Nb6 16. Bxe5 Rh7 17. Bf6 Bh6 18. Kb1 a4 19. e5 axb3 20. cxb3 Kf8 21. Bxh5
Nbd5 22. Nxd5 Nxd5 23. Bf3 Nc3+ 24. Kc2 Nxd1 25. Rxd1 Rxa2+ 26. Kb1 Ra8 27. Be4
Rg7 28. Bxg7+ Bxg7 29. Bxc6 Rc8 30. Bb5 Bxe5 31. Rd5 Bf6 32. Rd7 Rb8 33. Bc4 Be7
34. g3 Ke8 35. Rd5 Kf8 36. Rf5 f6 37. h4 gxh4 38. gxh4 Kg7 39. Rd5 Rh8 40. Rd7
Re8 41. h5 Kh6 42. Rd5 Bb4 43. Rf5 Rf8 44. Be2 Be1 45. f4 Bh4 46. b4 Re8 47. Bd3
Rb8 48. b5 Rd8 49. Kc2 Rc8+ 50. Kb3 Rb8 51. Kc4 Rc8+ 52. Rc5 Rxc5+ 53. Kxc5 Kxh5
54. f5 Kg5 55. b6 Bf2+ 56. Kc6 Kh6 57. b7 Bg3 58. Kd7 Kg5 59. Kc8 Be5 60. b8=Q
Bxb8 61. Kxb8 Kf4 62. Kc7 Ke5 63. Kd7 Kd4 64. Bb1 Ke5 65. Ke7 Kf4 66. Kxf6 Kg4
67. Kg6 Kf4 68. f6 Ke5 69. f7 Ke6 70. f8=Q Ke5 71. Qf5+ Kd6 72. Kf6 Kc7 73. Qd5
Kb6 74. Be4 Kc7 75. Ke6 Kb6 76. Kd7 Ka6 77. Kc7 Ka7 78. Qb7# 1-0

[Event "AUTO-ADV-1417"]
[Site "http://www.queenalice.com/game.php?id=626545"]
[Date "2009.7.29"]
[Round "1"]
[White "SGF"]
[Black "Standby"]
[Result "0-1"]
[WhiteElo "1668"]
[BlackElo "1774"]

1. e4 e5 2. Qf3 Nc6 3. Bc4 Nf6 4. c3 d6 5. h3 Na5 6. b3 Nxc4 7. bxc4 b6 8. d3
Bb7 9. Bg5 h6 10. Bxf6 Qxf6 11. Qxf6 gxf6 12. Nf3 Rg8 13. g3 f5 14. Nh4 fxe4 15.
dxe4 Bxe4 16. Rg1 Be7 17. Nd2 Bd3 18. Nf5 Bxf5 19. g4 h5 20. f3 Bh4+ 21. Ke2
hxg4 22. hxg4 Bg6 23. Ne4 Bxe4 24. fxe4 f6 25. Raf1 O-O-O 26. Rh1 Bg5 27. a4 Rh8
28. Rxh8 Rxh8 29. Kd3 Rh3+ 30. Ke2 Rxc3 31. Rh1 Rxc4 32. Rh8+ Kb7 33. Kd3 Rxa4
34. Rg8 Ra3+ 35. Ke2 Re3+ 36. Kf2 Rxe4 37. Kf3 Re1 38. Kg3 Rh1 39. Kg2 Rh7 40.
Kg3 a5 41. Kf3 a4 42. Ke2 a3 43. Kd1 a2 44. Kc2 a1=Q 45. Kb3 Rh3+ 46. Kc2 Qa2+
47. Kd1 Rh1# 0-1

[Event "Challenge"]
[Site "http://www.queenalice.com/game.php?id=631347"]
[Date "2009.8.6"]
[Round "-"]
[White "Standby"]
[Black "Kingkila"]
[Result "1-0"]
[WhiteElo "1806"]
[BlackElo "1916"]

1. d4 e6 2. e4 d5 3. e5 a6 4. Nf3 Be7 5. Be2 h6 6. Nc3 Bd7 7. Bd2 Bb4 8. O-O Nc6
9. a3 Be7 10. Re1 Bg5 11. Nxg5 hxg5 12. Be3 Qe7 13. h3 O-O-O 14. Na4 Na5 15. Nc5
Bb5 16. a4 Bxe2 17. Qxe2 Nc4 18. b3 Nxe3 19. Qxe3 c6 20. Qg3 Nh6 21. b4 Nf5 22.
Qd3 Rh4 23. c3 Rdh8 24. b5 Qc7 25. bxa6 b6 26. Nb7 Kb8 27. Rab1 Ka7 28. Rb2 g4
29. Kh2 gxh3 30. g3 Rg4 31. Qe2 Rhh4 32. gxh4 Rxh4 33. Reb1 f6 34. Rxb6 Qxb6 35.
Rxb6 Kxb6 36. a5+ Ka7 37. Qb2 Rf4 38. Nd8 1-0

[Event "Challenge"]
[Site "http://www.queenalice.com/game.php?id=639963"]
[Date "2009.8.21"]
[Round "-"]
[White "Standby"]
[Black "brunoparadisi"]
[Result "0-1"]
[WhiteElo "1886"]
[BlackElo "1983"]

1. d4 d5 2. c4 c6 3. e3 Bf5 4. Nf3 e6 5. Nc3 h6 6. a3 Nf6 7. h3 Nbd7 8. Qb3 Qc7
9. Be2 b6 10. Nh4 Bh7 11. Qd1 dxc4 12. Bxc4 b5 13. Bd3 Bd6 14. e4 e5 15. d5 cxd5
16. Nxb5 Qb6 17. Nxd6+ Qxd6 18. exd5 Qxd5 19. Be2 O-O 20. Qxd5 Nxd5 21. O-O Rfd8
22. Bc4 N7b6 23. Ba2 e4 24. Be3 g5 25. g3 gxh4 26. Bxh6 Rd6 27. Bg5 hxg3 28.
fxg3 Rf8 29. Rad1 Rd7 30. Rfe1 Kg7 31. Bb1 f6 32. Bc1 Re8 33. Bd3 Ree7 34. Bb5
Rc7 35. h4 e3 36. Re2 Rc2 37. Rde1 Rxe2 38. Bxe2 Bc2 39. Bb5 Bb3 40. Kg2 Bc4 41.
Bc6 e2 42. Kf2 Kg6 43. b3 Bd3 44. Bb2 Re6 45. Bb7 Kh5 46. a4 a5 47. Bd4 Nb4 48.
Bf3+ Kg6 49. Bxb6 Rxb6 50. Bxe2 Bxe2 51. Rxe2 Nd3+ 52. Kf3 Rxb3 53. Kg4 Rb4+ 54.
Kh3 Rxa4 55. Rd2 Ra3 56. Kg4 Ne5+ 57. Kh3 Ra1 58. Kg2 a4 59. Kf2 Ra3 60. Kg2 Rd3
61. Ra2 a3 62. Kh3 Nc4 63. Kg4 f5+ 0-1

[Event "AUTO-ADV-1417"]
[Site "http://www.queenalice.com/game.php?id=748793"]
[Date "2010.3.20"]
[Round "2"]
[White "Standby"]
[Black "erivaldoadao"]
[Result "0-1"]
[WhiteElo "1919"]
[BlackElo "1995"]

1. d4 d5 2. c4 dxc4 3. e4 b5 4. Nc3 c6 5. a3 Nf6 6. Nf3 e6 7. Be2 Be7 8. O-O O-O
9. Qc2 g6 10. b3 cxb3 0-1